000 004340000a22001810004500
001 001691
003 MACL
005 20150916105953.0
008 150916b xxu||||| |||| 00| 0 eng d
040 _aMACL
_cMACL
041 _aEnglish
082 _a823/KAK
100 _aKakar, Sudhir
_9527
245 _aIndian Love Stories
_cSudhir Kakar
260 _aNoida
_c2006
_bRoli Books,
650 _aFiction
_911414
942 _k823
_cBK
_2ddc
999 _c13609
_d13609